[Event "Warsaw Szansa blitz op"]
[Site "Warsaw"]
[Date "2023.09.16"]
[Round "4"]
[White "Gumularz, Szymon"]
[Black "Mulawa, Cyprian"]
[Result "0-1"]
[WhiteElo "2587"]
[BlackElo "2258"]
[PlyCount "62"]
[EventDate "2023.09.16"]
[EventType "swiss (blitz)"]
[EventRounds "13"]
[EventCountry "POL"]
[SourceTitle "EXT 2024"]
[Source "ChessBase"]
[SourceDate "2023.10.10"]
[SourceVersion "1"]
[SourceVersionDate "2023.10.10"]
[SourceQuality "1"]

1. Nf3 d5 2. e3 Nf6 3. c4 g6 4. cxd5 Nxd5 5. d4 Bg7 6. Nc3 0-0 7. Bc4 Nb6 8. Bb3 c5 9. dxc5 Qxd1+ 10. Bxd1 N6d7 11. Bd2 Nxc5 12. 0-0 Nc6 13. Be2 Bf5 14. Rfd1 Rfd8 15. Be1 Nb4 16. Nd4 Bxd4 17. exd4 Ne6 18. d5 Nf4 19. Bf3 Nc2 20. Bd2 Nxa1 21. Bxf4 Nc2 22. g4 Bd7 23. d6 exd6 24. Bg5 Re8 25. Nd5 Re1+ 26. Rxe1 Nxe1 27. Nf6+ Kg7 28. Bxb7 Rb8 29. Bd5 Be6 30. b3 Bxd5 31. Nxd5 Nf3+ 0-1

[Event "Titled Tuesday intern op 29th Aug Late"]
[Site "Chess.com INT"]
[Date "2023.08.29"]
[Round "3"]
[White "Gubajdullin, Alexey"]
[Black "Mulawa, Cyprian"]
[Result "1-0"]
[WhiteElo "2253"]
[BlackElo "2186"]
[PlyCount "121"]
[EventDate "2023.08.29"]
[EventType "swiss (blitz)"]
[EventRounds "11"]
[EventCountry "USA"]
[SourceTitle "EXT 2024"]
[Source "ChessBase"]
[SourceDate "2023.10.10"]
[SourceVersion "1"]
[SourceVersionDate "2023.10.10"]
[SourceQuality "1"]

1. d4 Nf6 2. Nf3 c5 3. c3 cxd4 4. cxd4 d5 5. Nc3 Nc6 6. Bf4 a6 7. e3 Bg4 8. Be2 e6 9. 0-0 Bxf3 10. Bxf3 Bd6 11. Bg5 h6 12. Bh4 0-0 13. Rc1 Rc8 14. Na4 Qe7 15. Nc5 Rc7 16. a3 Na5 17. Be2 Rfc8 18. Nd3 Nc4 19. a4 g5 20. Bg3 Ne4 21. Bxd6 Qxd6 22. b3 Ncd2 23. Rxc7 Qxc7 24. Re1 Qc2 25. f3 Nd6 26. Nc5 Qb2 27. Bd3 b6 28. Bxa6 Ra8 29. Re2 bxc5 30. Rxd2 Qc3 31. Rd3 Qb4 32. dxc5 Qxc5 33. Bb5 Nxb5 34. axb5 Qxb5 35. h4 Ra2 36. hxg5 hxg5 37. Rc3 Qa5 38. Qd4 Qa6 39. Qf6 g4 40. Rc7 Rxg2+ 41. Kxg2 Qe2+ 42. Kg3 Qe1+ 43. Kf4 Qb4+ 44. Kg5 Qf8 45. Rd7 gxf3 46. Rd8 f2 47. Rxf8+ Kxf8 48. Qxf2 Ke7 49. Qf6+ Ke8 50. Kh6 Kf8 51. Kh7 d4 52. exd4 Ke8 53. Kg7 Kd7 54. Kxf7 e5 55. dxe5 Kc7 56. Qd6+ Kb7 57. Ke7 Ka7 58. Kd7 Kb7 59. Qb4+ Ka6 60. Kc6 Ka7 61. Qb7# 1-0

[Event "Titled Tuesday intern op 29th Aug Late"]
[Site "Chess.com INT"]
[Date "2023.08.29"]
[Round "1"]
[White "Mulawa, Cyprian"]
[Black "Kushko, Dmitriy"]
[Result "0-1"]
[WhiteElo "2186"]
[BlackElo "2426"]
[PlyCount "68"]
[EventDate "2023.08.29"]
[EventType "swiss (blitz)"]
[EventRounds "11"]
[EventCountry "USA"]
[SourceTitle "EXT 2024"]
[Source "ChessBase"]
[SourceDate "2023.10.10"]
[SourceVersion "1"]
[SourceVersionDate "2023.10.10"]
[SourceQuality "1"]

1. e4 g6 2. h4 Nf6 3. e5 Nh5 4. d4 d6 5. Nf3 Bg4 6. Bc4 e6 7. Bg5 Be7 8. Bxe7 Qxe7 9. Nbd2 dxe5 10. dxe5 Nd7 11. Qe2 0-0-0 12. 0-0-0 Nb6 13. Bb3 Ng7 14. Ne4 Rxd1+ 15. Rxd1 Rd8 16. Nf6 Bxf3 17. Qxf3 h5 18. Qe4 Nf5 19. f3 c6 20. g4 hxg4 21. fxg4 Rxd1+ 22. Kxd1 Nxh4 23. Qf4 a5 24. Qh6 Nf3 25. Qf4 Qd8+ 26. Kc1 Nd4 27. Qf1 a4 28. Bc4 Qh8 29. Qd3 Qh6+ 30. Kd1 Qh1+ 31. Kd2 Qh2+ 32. Kc3 c5 33. Bb5 Qxe5 34. Nd7 Nxb5+ 0-1

[Event "Titled Tuesday intern op 29th Aug Late"]
[Site "Chess.com INT"]
[Date "2023.08.29"]
[Round "4"]
[White "Mulawa, Cyprian"]
[Black "Tarnowska, Aleksandra"]
[Result "1-0"]
[WhiteElo "2186"]
[BlackElo "1860"]
[PlyCount "231"]
[EventDate "2023.08.29"]
[EventType "swiss (blitz)"]
[EventRounds "11"]
[EventCountry "USA"]
[SourceTitle "EXT 2024"]
[Source "ChessBase"]
[SourceDate "2023.10.10"]
[SourceVersion "1"]
[SourceVersionDate "2023.10.10"]
[SourceQuality "1"]

1. Nf3 d5 2. g3 Nf6 3. Bg2 c5 4. 0-0 Nc6 5. b3 e6 6. Bb2 Be7 7. e3 b6 8. Qe2 0-0 9. c4 Ba6 10. d3 Rc8 11. Nc3 Qd7 12. Rfd1 Rfd8 13. Rac1 h6 14. Nb5 Bxb5 15. cxb5 Na5 16. d4 c4 17. bxc4 Nxc4 18. Ne5 Qxb5 19. Nxc4 Rxc4 20. Bf1 Rxc1 21. Qxb5 Rxd1 22. Kg2 Rc8 23. Bd3 Ne4 24. Bxe4 dxe4 25. Qd7 Rc2 26. Qxe7 Rxb2 27. Qe8+ Kh7 28. Qxf7 Rdd2 29. Qxe6 Rxf2+ 30. Kh3 Rxh2+ 31. Kg4 Rbg2 32. Qxe4+ Kh8 33. d5 h5+ 34. Kf4 Rf2+ 35. Kg5 Rf6 36. Qe8+ Kh7 37. Qe4+ Kh8 38. Qe5 Rh3 39. d6 h4 40. d7 Rxg3+ 41. Qxg3 hxg3 42. d8Q+ Kh7 43. Qd3+ Kh8 44. Qe4 Kg8 45. Qe8+ Kh7 46. Qe4+ Kg8 47. Qg2 Kf7 48. Qd5+ Kf8 49. Qa8+ Kf7 50. Qxa7+ Ke6 51. Qxb6+ Kf7 52. Qb7+ Ke6 53. a4 Rf5+ 54. Kg4 Rf6 55. Kxg3 Rg6+ 56. Kf4 Rf6+ 57. Ke4 g5 58. Qc6+ Kf7 59. Qd7+ Kg6 60. a5 Ra6 61. Qe8+ Kh6 62. Qb5 Re6+ 63. Kf5 Rg6 64. a6 g4 65. a7 g3 66. a8Q Rg5+ 67. Kf4 Rxb5 68. Kxg3 Rg5+ 69. Kf4 Kg6 70. Qg8+ Kh6 71. Qxg5+ Kh7 72. Qf5+ Kh8 73. e4 Kg8 74. e5 Kg7 75. Qe4 Kh6 76. Qe3 Kg7 77. Qd4 Kh6 78. Qd6+ Kg7 79. e6 Kh6 80. e7+ Kg7 81. Ke5 Kf7 82. Kd4 Ke8 83. Kc3 Kf7 84. Kb2 Kg7 85. Ka1 Kf7 86. Kb2 Kg7 87. Kc2 Kf7 88. Kd2 Kg7 89. Ke2 Kf7 90. Kf2 Kg7 91. Kg2 Kf7 92. Kh1 Kg7 93. Kg2 Kf7 94. Kf3 Kg7 95. Ke4 Kf7 96. Kd5 Kg7 97. Kc6 Kf7 98. Kb7 Kg7 99. Ka8 Kf7 100. Qd8 Kg7 101. e8Q Kh7 102. Ka7 Kh6 103. Ka6 Kg7 104. Ka5 Kh6 105. Ka4 Kg7 106. Ka3 Kh6 107. Ka2 Kg7 108. Ka1 Kh6 109. Kb1 Kg7 110. Kc1 Kh6 111. Kd1 Kg7 112. Ke1 Kh6 113. Kf1 Kg7 114. Kg1 Kh6 115. Kh1 Kg7 116. Qg6+ 1-0

[Event "Titled Tuesday intern op 22nd Aug Early"]
[Site "Chess.com INT"]
[Date "2023.08.22"]
[Round "10"]
[White "Mulawa, Cyprian"]
[Black "Portela Peleteiro, Alberto"]
[Result "0-1"]
[WhiteElo "2186"]
[BlackElo "2329"]
[PlyCount "112"]
[EventDate "2023.08.22"]
[EventType "swiss (blitz)"]
[EventRounds "11"]
[EventCountry "USA"]
[SourceTitle "EXT 2024"]
[Source "ChessBase"]
[SourceDate "2023.10.10"]
[SourceVersion "1"]
[SourceVersionDate "2023.10.10"]
[SourceQuality "1"]

1. Nf3 Nf6 2. e3 g6 3. b3 Bg7 4. Bb2 0-0 5. c4 b6 6. Nc3 Bb7 7. Be2 d5 8. Rc1 c5 9. cxd5 Nxd5 10. 0-0 Nc6 11. Qc2 Ncb4 12. Qb1 Nf6 13. Rfd1 Rc8 14. d4 Qc7 15. dxc5 bxc5 16. a3 Nc6 17. Bc4 e6 18. Nb5 Qb6 19. Nd6 Rcd8 20. Qa1 Nh5 21. Bxg7 Nxg7 22. Nxb7 Qxb7 23. Ne5 Na5 24. Qc3 Nxc4 25. Nxc4 Rd5 26. Rxd5 Qxd5 27. h3 Nf5 28. Qe5 Rc8 29. g3 h5 30. h4 Ne7 31. Qf6 Nc6 32. Qc3 Qf3 33. Qc2 Rd8 34. Nd2 Qe2 35. Ne4 Qxc2 36. Rxc2 Ne5 37. Nxc5 Rd1+ 38. Kg2 Ra1 39. a4 Rb1 40. Rd2 Kg7 41. Rd6 Ng4 42. Rd2 Kf6 43. a5 Kf5 44. a6 e5 45. Rd7 f6 46. Rxa7 Rb2 47. Nd3 Rxb3 48. Rd7 Ra3 49. a7 Ra2 50. e4+ Kxe4 51. Nc5+ Kf5 52. Nd3 e4 53. Rd5+ Ne5 54. Nxe5 fxe5 55. Rd7 e3 56. Kg1 e2 0-1

[Event "Titled Tuesday intern op 22nd Aug Early"]
[Site "Chess.com INT"]
[Date "2023.08.22"]
[Round "7"]
[White "Tahbaz, Arash"]
[Black "Mulawa, Cyprian"]
[Result "0-1"]
[WhiteElo "2441"]
[BlackElo "2186"]
[PlyCount "60"]
[EventDate "2023.08.22"]
[EventType "swiss (blitz)"]
[EventRounds "11"]
[EventCountry "USA"]
[SourceTitle "EXT 2024"]
[Source "ChessBase"]
[SourceDate "2023.10.10"]
[SourceVersion "1"]
[SourceVersionDate "2023.10.10"]
[SourceQuality "1"]

1. Nf3 Nf6 2. g3 d5 3. Bg2 c6 4. 0-0 Bg4 5. d3 Nbd7 6. Nbd2 e6 7. e4 Bd6 8. h3 Bxf3 9. Qxf3 0-0 10. Qe2 Re8 11. f4 e5 12. f5 dxe4 13. dxe4 h6 14. g4 Nh7 15. Nf3 Be7 16. Be3 Ng5 17. Nd2 Bc5 18. Kh2 Bxe3 19. Qxe3 Qb6 20. Nc4 Qxe3 21. Nxe3 Nf6 22. Rfd1 Rad8 23. Nc4 Ngxe4 24. Na5 Nf2 25. Rxd8 Rxd8 26. Nxb7 Rd2 27. Rc1 e4 28. Kg1 e3 29. Kf1 N6e4 30. Na5 e2+ 0-1

[Event "Ustron op-A"]
[Site "Ustron"]
[Date "2023.08.17"]
[Round "7"]
[White "Mulawa, Cyprian"]
[Black "Janeczko, Jakub"]
[Result "1/2-1/2"]
[WhiteElo "2186"]
[BlackElo "2255"]
[PlyCount "42"]
[EventDate "2023.08.11"]
[EventType "swiss"]
[EventRounds "9"]
[EventCountry "POL"]
[SourceTitle "CBM 215 Extra"]
[Source "ChessBase"]
[SourceDate "2023.09.30"]
[SourceVersion "1"]
[SourceVersionDate "2023.09.30"]
[SourceQuality "1"]

1. Nf3 d5 2. d4 Nf6 3. c4 dxc4 4. e3 e6 5. Bxc4 c5 6. 0-0 a6 7. b3 Nc6 8. Bb2 Be7 9. Nbd2 0-0 10. dxc5 Bxc5 11. Rc1 Qe7 12. Qc2 Nb4 13. Qb1 b5 14. Bxf6 gxf6 15. a3 bxc4 16. axb4 Bxb4 17. Rxc4 Bb7 18. Rg4+ Kh8 19. Qxh7+ Kxh7 20. Rh4+ Kg6 21. Rg4+ Kh6 1/2-1/2

[Event "Ustron op-A"]
[Site "Ustron"]
[Date "2023.08.14"]
[Round "5"]
[White "Mulawa, Cyprian"]
[Black "Milosevic, Milos"]
[Result "1-0"]
[WhiteElo "2186"]
[BlackElo "2417"]
[PlyCount "41"]
[EventDate "2023.08.11"]
[EventType "swiss"]
[EventRounds "9"]
[EventCountry "POL"]
[SourceTitle "CBM 215 Extra"]
[Source "ChessBase"]
[SourceDate "2023.09.30"]
[SourceVersion "1"]
[SourceVersionDate "2023.09.30"]
[SourceQuality "1"]

1. Nf3 c5 2. c4 Nc6 3. g3 g6 4. Bg2 Bg7 5. 0-0 e5 6. Nc3 Nge7 7. d3 0-0 8. a3 h6 9. Rb1 f5 10. Bd2 a5 11. Nd5 d6 12. Nxe7+ Qxe7 13. b4 cxb4 14. axb4 axb4 15. Bxb4 Nxb4 16. Rxb4 Kh7 17. Nd2 Ra2 18. Rb5 g5 19. Nb1 e4 20. dxe4 f4 21. Qd3 1-0

[Event "Warsaw Najdorf Memorial op-A"]
[Site "Warsaw"]
[Date "2023.07.19"]
[Round "9"]
[White "Padalka, Artem"]
[Black "Mulawa, Cyprian"]
[Result "0-1"]
[WhiteElo "2158"]
[BlackElo "2202"]
[PlyCount "96"]
[EventDate "2023.07.11"]
[EventType "swiss"]
[EventRounds "9"]
[EventCountry "POL"]
[SourceTitle "EXT 2024"]
[Source "ChessBase"]
[SourceDate "2023.10.10"]
[SourceVersion "1"]
[SourceVersionDate "2023.10.10"]
[SourceQuality "1"]

1. d4 d5 2. Nf3 Nf6 3. c4 c6 4. g3 dxc4 5. Bg2 e6 6. 0-0 b5 7. a4 Bb7 8. b3 cxb3 9. Qxb3 a6 10. Bg5 Be7 11. Nc3 0-0 12. Bxf6 Bxf6 13. Ne4 Nd7 14. Rfc1 Rb8 15. e3 e5 16. Nd6 Ba8 17. axb5 exd4 18. exd4 Be7 19. Nf5 Rxb5 20. Qc2 Bb7 21. Qe4 Bb4 22. Qg4 g6 23. Ne3 Nf6 24. Qf4 Nd5 25. Qh6 Nxe3 26. Qxe3 f6 27. Bf1 Rb6 28. h4 Re8 29. Qb3+ Kg7 30. Qd3 a5 31. Qc2 Bc8 32. Bg2 Bf5 33. Qa4 Be4 34. Rd1 Rb8 35. Ne1 Qd5 36. Bxe4 Rxe4 37. Nc2 Re2 38. Nxb4 Rxb4 39. Qxa5 Qf3 40. Rf1 Rbb2 41. Qc7+ Kh6 42. Ra7 Kh5 43. Ra3 Rxf2 44. Qxh7+ Kg4 45. Qd7+ f5 46. Rxf3 Rg2+ 47. Kh1 Rh2+ 48. Kg1 Rbg2# 0-1

[Event "Warsaw Najdorf Memorial op-A"]
[Site "Warsaw"]
[Date "2023.07.12"]
[Round "2"]
[White "Mulawa, Cyprian"]
[Black "Jakubowski, Krzysztof"]
[Result "1/2-1/2"]
[WhiteElo "2202"]
[BlackElo "2486"]
[PlyCount "141"]
[EventDate "2023.07.11"]
[EventType "swiss"]
[EventRounds "9"]
[EventCountry "POL"]
[SourceTitle "EXT 2024"]
[Source "ChessBase"]
[SourceDate "2023.10.10"]
[SourceVersion "1"]
[SourceVersionDate "2023.10.10"]
[SourceQuality "1"]

1. d4 Nf6 2. c4 e6 3. Nf3 b6 4. g3 Bb4+ 5. Bd2 Be7 6. Bg2 Bb7 7. Nc3 c6 8. 0-0 d5 9. Bf4 0-0 10. Ne5 Nfd7 11. cxd5 cxd5 12. e4 Nxe5 13. Bxe5 dxe4 14. Nxe4 Nc6 15. Qg4 g6 16. Nc3 Qd7 17. Rad1 Rad8 18. a3 Qc8 19. Qe4 Nxe5 20. Qxb7 Qxb7 21. Bxb7 Nc4 22. Ba6 Nd6 23. Rd2 Bf6 24. Rfd1 Kg7 25. Nb5 Ne4 26. Rd3 Rd7 27. f3 Nd6 28. d5 Nxb5 29. Bxb5 Rxd5 30. Rxd5 exd5 31. Rxd5 Bxb2 32. a4 Rc8 33. Rd7 a5 34. Rd2 Ba3 35. Kg2 g5 36. Rd5 h6 37. h4 gxh4 38. gxh4 Kf6 39. Kg3 Ke6 40. Rd3 Rg8+ 41. Kf4 Bc1+ 42. Ke4 f5+ 43. Kd4 Rd8+ 44. Kc3 Rc8+ 45. Kb3 Ke5 46. Bc4 Rc5 47. Rc3 Bd2 48. Rc2 Be1 49. h5 Kf4 50. Re2 Bh4 51. Re6 Bg5 52. Rxb6 Kxf3 53. Rb5 Rxb5+ 54. Bxb5 f4 55. Kc2 Be7 56. Kd3 Kf2 57. Bc6 Bc5 58. Bd5 Bb6 59. Bc6 Bc5 60. Bd5 f3 61. Bc6 Kg3 62. Bd5 Kg4 63. Bf7 Kh4 64. Be8 Kh3 65. Bc6 Kg3 66. Bd5 Kf4 67. Bc6 Kg4 68. Be8 Kh3 69. Bc6 Kg3 70. Bd5 f2 71. Ke2 1/2-1/2

[Event "Warsaw Maciei Memorial"]
[Site "Warsaw"]
[Date "2023.07.10"]
[Round "6"]
[White "Kiolbasa, Oliwia"]
[Black "Mulawa, Cyprian"]
[Result "1-0"]
[WhiteElo "2394"]
[BlackElo "2202"]
[PlyCount "95"]
[EventDate "2023.07.10"]
[EventType "swiss (blitz)"]
[EventRounds "11"]
[EventCountry "POL"]
[SourceTitle "CBM 215 Extra"]
[Source "ChessBase"]
[SourceDate "2023.09.30"]
[SourceVersion "1"]
[SourceVersionDate "2023.09.30"]
[SourceQuality "1"]

1. e4 c5 2. Nf3 d6 3. d4 Nf6 4. Nc3 cxd4 5. Nxd4 a6 6. h3 e5 7. Nb3 b5 8. a4 b4 9. Nd5 Nxd5 10. Qxd5 Ra7 11. Be3 Rd7 12. Na5 Be7 13. Be2 0-0 14. Bg4 Rc7 15. Bb6 Nd7 16. Bxc7 Qxc7 17. Nc6 Bg5 18. Nxb4 Nf6 19. Qd3 Nxg4 20. hxg4 Bxg4 21. Nd5 Qb7 22. Qg3 Qxb2 23. 0-0 h5 24. f3 Bf4 25. Nxf4 exf4 26. Qxf4 Be6 27. Qxd6 Qxc2 28. Qd4 h4 29. Qf2 Qxf2+ 30. Kxf2 Rc8 31. Rfc1 Rd8 32. Rd1 Rc8 33. Rac1 Rb8 34. Rb1 Rc8 35. Rdc1 Rd8 36. Ke3 Rd6 37. a5 Rd8 38. Rb6 g5 39. Rxa6 Rb8 40. Rb6 Ra8 41. a6 Bc8 42. a7 Rxa7 43. Rxc8+ Kg7 44. Rc5 f6 45. Rbc6 Kg6 46. Rc7 Ra2 47. Rc2 Ra3+ 48. R7c3 1-0